[Event "Tourn. n8459"]
[Site "www.chess-mail.com"]
[Date "2015.11.04"]
[Round "1"]
[White "Norlavuaram"]
[Black "Jhw"]
[WhiteElo "2260"]
[BlackElo "2000"]
[Result "1-0"]
[Round "1"]
1.e4 c5
2.Ng1f3 e6
3.d4 d6
4.dxc5 Qd8a5
5.Nb1c3 Qa5xc5
6.Bc1e3 Qc5b4
7.Ra1b1 Bc8d7
8.Bf1e2 f5
9.exf5 exf5
10.O-O Nb8c6
11.a3 Qb4a5
12.Nf3d4 Nc6xd4
13.Be3xd4 Ng8h6
14.Be2f3 Bd7c6
15.Rf1e1 Kd7
16.Qd1e2 Bc6xf3
17.Qe2e6 Kc7
18.gxf3 Rh8g8
19.Nc3d5 Kc6
20.c4 b5
21.Nd5b4 Kc7
22.c5 Ra8d8
23.cxd6 Bf8xd6
24.Rb1c1 Kb7
25.Qe6d5 { resign }
1-0

[Event "Tourn. n8330"]
[Site "www.chess-mail.com"]
[Date "2015.11.04"]
[Round "1"]
[White "Eusegon"]
[Black "Wwgia"]
[WhiteElo "2120"]
[BlackElo "2150"]
[Result "0-1"]
[Round "1"]
1.e4 c5
2.Ng1f3 Nb8c6
3.d4 cxd4
4.Nf3xd4 g6
5.Nb1c3 Bf8g7
6.Bc1e3 Ng8f6
7.f3 O-O
8.Qd1d2 d5
9.Nd4xc6 bxc6
10.O-O-O Qd8a5
11.exd5 cxd5
12.Kb1 Bc8e6
13.Nc3b5 Qa5d8
14.Be3h6 Qd8b6
15.Bh6xg7 Kxg7
16.g4 Ra8b8
17.h4 a6
18.g5 axb5
19.gxf6 exf6
20.h5 g5
21.h6 Kg8
22.Bf1d3 Rb8a8
23.f4 Qb6a5
 { time }
0-1

[Event "Match"]
[Site "www.echecsemail.com"]
[Date "2015.11.04"]
[Round "1"]
[White "Daviko"]
[Black "Wilddog"]
[WhiteElo "1400"]
[BlackElo "1379"]
[Result "1-0"]
[Round "1"]
1.e4 e5
2.Ng1f3 Nb8c6
3.Bf1c4 Ng8f6
4.Nf3g5 Bf8c5
5.Ng5xf7 Qd8e7
6.Nf7xh8 Nf6xe4
7.O-O Nc6a5
8.Qd1h5 Kd8
9.Nh8f7 Ke8
10.Nf7xe5 Kf8
11.d3 Ne4f6
12.Qh5f5 d5
13.Qf5f3 Qe7xe5
14.Bc4b5 c6
15.Bc1f4 Qe5h5
16.b4 Bc5xb4
17.Bb5a4 Bc8g4
18.Qf3e3 Ra8e8
19.Qe3d4 c5
20.Ba4xe8 Qh5xe8
21.Qd4e5 c4
22.Qe5xe8 Kxe8
23.c3 Bb4e7
24.Nb1d2 cxd3
25.Rf1e1 Kd7
26.Ra1b1 Be7d6
27.Bf4xd6 Kxd6
28.Rb1b5 b6
29.Rb5b4 Bg4f5
30.Nd2f3 Kc5
31.Nf3d4 Nf6e4
32.Nd4xf5 Ne4xc3
33.Rb4g4 g6
34.Nf5e7 d2
35.Re1f1 d4
36.Rg4g5 Kc4
37.h4 d1Q
38.Rf1xd1 Nc3xd1
39.Ne7xg6 hxg6
40.Rg5xg6 Na5b7
41.h5 Nb7d8
42.Rg6f6 d3
43.h6 d2
44.Rf6d6 Nd8f7
45.Rd6c6 Kb5
46.Rc6c2 Nf7xh6
47.Rc2xd2 Nd1c3
48.f4 Nc3e4
49.Rd2d5 Kc6
50.Rd5e5 Ne4d6
51.Re5h5 Nh6f5
52.g4 Nf5g7
53.Rh5h7 Ng7e6
54.f5 Kd5
55.Rh7h5 Ne6f4
56.Rh5h8 a5
57.f6 Nd6f7
58.Rh8f8 Ke6
59.Rf8b8 Kxf6
60.Rb8xb6 Kg5
61.Rb6a6 Kxg4
62.Ra6xa5 Nf4e2
63.Kf1 Ne2d4
64.Ra5a4 Nf7d6
65.Ra4xd4 Kf5
66.Rd4xd6 { resign }
1-0

[Event "Match"]
[Site "www.echecsemail.com"]
[Date "2015.11.04"]
[Round "1"]
[White "Chtoubidou"]
[Black "Genius7"]
[WhiteElo "1910"]
[BlackElo "1730"]
[Result "0-1"]
[Round "1"]
1.e4 g6
2.d4 d6
3.Nb1c3 Bf8g7
4.f4 Nb8c6
5.Bc1e3 Ng8f6
6.Bf1d3 Nf6g4
7.Qd1d2 Ng4xe3
8.Qd2xe3 Nc6xd4
9.Qe3d2 c5
10.Ng1e2 O-O
11.O-O a6
12.Ra1b1 b5
13.Nc3d1 c4
{ resign }
0-1

[Event "Match"]
[Site "www.echecsemail.com"]
[Date "2015.11.04"]
[Round "1"]
[White "Rocio"]
[Black "Carlosto"]
[WhiteElo "1909"]
[BlackElo "1500"]
[Result "1-0"]
[Round "1"]
1.d4 d5
2.Nb1c3 Ng8f6
3.Bc1g5 Nb8c6
4.Ng1f3 Bc8f5
5.Nf3d2 Nc6xd4
6.e4 Nf6xe4
7.Nd2xe4 dxe4
8.Ra1c1 h6
9.Bg5f4 g5
10.Bf4e5 f6
11.Be5xd4 e5
12.Bd4e3 b6
13.Bf1b5 Bf5d7
14.Qd1xd7 Qd8xd7
15.Bb5xd7 Kxd7
16.Ke2 Bf8e7
17.Nc3xe4 Ke6
18.Rh1d1 f5
19.Ne4c3 f4
20.Be3d2 Rh8d8
21.g3 Rd8d4
22.a3 b5
23.Nc3xb5 Rd4e4
24.Kd3 Kf5
25.g4 Kxg4
26.Kxe4 { resign }
1-0

[Event "Match"]
[Site "www.echecsemail.com"]
[Date "2015.11.04"]
[Round "1"]
[White "Julianlore"]
[Black "Nikas"]
[WhiteElo "2620"]
[BlackElo "1499"]
[Result "1-0"]
[Round "1"]
1.e4 e5
2.Ng1f3 d6
3.d4 exd4
4.Nf3xd4 Ng8f6
5.Nb1c3 Bc8d7
6.Bc1f4 Nb8c6
7.Nd4xc6 Bd7xc6
8.f3 g6
9.Qd1d2 Bf8g7
10.O-O-O a5
11.Kb1 a4
12.a3 Nf6h5
13.Bf4g5 Bg7f6
14.Bg5h6 Bf6g7
15.g4 Bg7xh6
16.Qd2xh6 Nh5f6
17.Nc3d5 Bc6xd5
18.exd5 Kd7
19.g5 Nf6h5
20.Bf1h3 { resign }
1-0

[Event "Match"]
[Site "www.echecsemail.com"]
[Date "2015.11.04"]
[Round "1"]
[White "Jpjohnston"]
[Black "Menace"]
[WhiteElo "2030"]
[BlackElo "2190"]
[Result "0-1"]
[Round "1"]
1.g3 Ng8f6
2.Bf1g2 Nb8c6
3.Nb1c3 e5
4.a3 Bf8c5
5.e3 O-O
6.Ng1e2 b6
7.b4 Bc5d6
8.O-O Bc8b7
9.b5 Nc6a5
10.d3 Bb7xg2
11.Kxg2 Nf6g4
12.f3 Ng4f6
13.e4 c6
14.a4 h6
15.Bc1d2 Bd6c5
16.Qd1c1 Kh7
17.Bd2e3 Qd8e7
18.Be3xc5 Qe7xc5
19.Qc1d2 d5
20.exd5 cxd5
21.d4 exd4
22.Ne2xd4 Na5c4
23.Qd2f4 Ra8e8
24.Qf4f5 Kg8
25.Nd4b3 Nc4e3
26.Kh3 Qc5xc3
27.Qf5d3 Qc3xd3
28.cxd3 Ne3xf1
29.Ra1xf1 Re8e3
30.Nb3d4 Re3xd3
31.Nd4c6 Rd3a3
{ resign }
0-1

[Event "Match"]
[Site "www.echecsemail.com"]
[Date "2015.11.04"]
[Round "1"]
[White "Cardiff"]
[Black "Mdesouza"]
[WhiteElo "1780"]
[BlackElo "2210"]
[Result "1-0"]
[Round "1"]
1.c4 f5
2.g3 Ng8f6
3.Bf1g2 e6
4.b3 Bf8e7
5.Bc1b2 O-O
6.Ng1f3 d5
7.cxd5 exd5
8.O-O c6
9.Nf3e5 Bc8e6
10.d3 Nb8d7
11.Nb1d2 Nd7xe5
12.Bb2xe5 Be7d6
13.Nd2f3 Qd8c7
14.Be5xd6 Qc7xd6
15.Nf3d4 Ra8e8
16.e3 Nf6g4
17.Qd1d2 Be6c8
18.b4 b6
19.Rf1c1 Bc8b7
20.a4 Qd6h6
21.h3 Ng4e5
22.a5 Qh6d6
23.axb6 axb6
24.Ra1a7 Bb7a8
25.Rc1a1 c5
26.bxc5 bxc5
27.Nd4xf5 Rf8xf5
28.Ra7xa8 Re8f8
29.Ra8xf8 Rf5xf8
30.f4 Ne5c6
31.Ra1a6 Qd6d7
32.Qd2c3 Nc6b4
33.Ra6a5 Qd7e6
34.Qc3xc5 Rf8b8
35.Bg2xd5 { resign }
1-0

[Event "Match"]
[Site "www.echecsemail.com"]
[Date "2015.11.04"]
[Round "1"]
[White "Genius7"]
[Black "Pariolinius"]
[WhiteElo "1730"]
[BlackElo "1910"]
[Result "0-1"]
[Round "1"]
1.d4 Ng8f6
2.Ng1f3 g6
3.g3 Bf8g7
4.Bf1g2 d5
5.O-O Nb8c6
6.Nf3e5 O-O
7.Nb1c3 e6
8.Bc1g5 h6
9.Ne5xc6 bxc6
10.Bg5xf6 Bg7xf6
11.e3 Bc8a6
12.Rf1e1 Ra8b8
13.Ra1b1 Qd8d6
14.a3 c5
15.dxc5 Qd6xc5
16.Nc3e2 Bf6xb2
17.Ne2f4 Qc5xa3
{ resign }
0-1

[Event "Match"]
[Site "www.echecsemail.com"]
[Date "2015.11.04"]
[Round "1"]
[White "Silent1"]
[Black "Carazo"]
[WhiteElo "1860"]
[BlackElo "1860"]
[Result "0-1"]
[Round "1"]
1.d4 d5
2.c4 Ng8f6
3.Nb1c3 dxc4
4.e3 Bc8f5
5.Bf1xc4 Nb8c6
6.Ng1f3 e6
7.O-O g6
8.a3 Bf8g7
9.Bc4d3 O-O
10.Bd3xf5 exf5
11.h3 Rf8e8
12.b4 a6
13.Bc1b2 b5
14.Qd1b3 a5
15.bxa5 Ra8xa5
16.Nf3g5 Nf6h5
17.Qb3xf7 Kh8
18.Qf7b3 Qd8xg5
19.Nc3e2 h6
20.Qb3f7 Ra5a8
21.Qf7xc7 Ra8c8
22.Qc7f7 Re8f8
23.Qf7d5 Rf8d8
24.Qd5b3 Rc8b8
25.Ra1c1 Nc6a5
26.Qb3b4 Na5c4
27.Rc1b1 f4
28.exf4 Nh5xf4
29.Ne2xf4 Qg5xf4
30.Rb1d1 Bg7f8
31.d5 Kh7
32.Qb4c3 g5
33.Qc3h8 Kg6
34.Qh8g8 Kh5
35.Qg8e6 Bf8d6
36.g3 Qf4f3
37.Bb2c1 Rd8e8
38.Qe6g4 Qf3xg4
39.hxg4 Kxg4
40.Rd1d4 Kh3
41.Rd4d3 Nc4e5
42.Rd3b3 b4
43.axb4 Bd6xb4
44.Bc1e3 Ne5f3
45.Kh1 Bb4d6
46.Rb3xb8 Bd6xb8
47.Rf1d1 Bb8xg3
48.d6 Bg3f4
49.Be3xf4 gxf4
50.d7 Re8d8
51.Rd1d3 Kg4
52.Kg2 Nf3e1
{ resign }
0-1

[Event "Match"]
[Site "www.echecsemail.com"]
[Date "2015.11.04"]
[Round "1"]
[White "Darknight"]
[Black "Genius7"]
[WhiteElo "1700"]
[BlackElo "1730"]
[Result "0-1"]
[Round "1"]
1.e4 c5
2.Bf1c4 e6
3.a3 a6
4.d3 Nb8c6
5.c3 Ng8f6
6.h3 d5
7.exd5 exd5
8.Bc4a2 Bf8e7
9.Bc1g5 O-O
10.g4 Rf8e8
11.Ng1e2 b5
12.Nb1d2 Bc8b7
13.Qd1c2 Ra8c8
14.O-O-O b4
15.Rd1g1 Qd8a5
16.Nd2b3 Qa5b6
17.c4 dxc4
18.dxc4 bxa3
19.bxa3 h6
20.h4 Rc8d8
21.Rh1h3 Nc6a5
22.Nb3a1 Bb7e4
23.Qc2c3 Be4g6
24.Bg5f4 Nf6e4
25.Qc3e3 Be7f6
26.Na1b3 Na5xb3
27.Qe3xb3 Qb6xb3
28.Ba2xb3 Ne4xf2
29.Rh3h2 Re8xe2
30.Rh2xf2 Re2xf2
31.Bf4e3 Bf6b2

0-1

[Event "Match"]
[Site "www.echecsemail.com"]
[Date "2015.11.04"]
[Round "1"]
[White "Ericleo1980"]
[Black "Obisporey"]
[WhiteElo "2250"]
[BlackElo "2620"]
[Result "0-1"]
[Round "1"]
1.e4 c5
2.Ng1f3 Nb8c6
3.d4 cxd4
4.Nf3xd4 Ng8f6
5.Nb1c3 e5
6.Nd4b5 d6
7.Bc1g5 a6
8.Nb5a3 b5
9.Nc3d5 Bf8e7
10.Bg5xf6 Be7xf6
11.c3 Ra8b8
12.Na3c2 Bf6g5
13.h4 Bg5xh4
14.Qd1h5 Bh4g5
15.Nc2b4 Nc6xb4
16.Nd5xb4 g6
17.Qh5h2 Bc8b7
18.Bf1d3 a5
19.Bd3xb5 Ke7
20.Nb4c6 Bb7xc6
21.Bb5xc6 Rb8xb2
22.O-O Qd8c7
23.Bc6d5 Qc7xc3
24.g3 h5
25.Ra1b1 Rh8b8
26.Rb1xb2 Rb8xb2
27.Qh2h3 a4
28.Kg2 Rb2d2
29.Kg1 Qc3c2
30.f4 exf4
31.gxf4 Bg5f6
32.e5 Qc2c5
{ resign }
0-1

[Event "Match"]
[Site "www.echecsemail.com"]
[Date "2015.11.04"]
[Round "1"]
[White "Jhw"]
[Black "Paco"]
[WhiteElo "1779"]
[BlackElo "1840"]
[Result "0-1"]
[Round "1"]
1.e4 e5
2.Ng1f3 Nb8c6
3.Bf1c4 Ng8f6
4.Nb1c3 Bf8c5
5.O-O d6
6.Nc3d5 Nf6xe4
7.d3 Ne4f6
8.Bc1g5 O-O
9.Nd5xf6 gxf6
10.Bg5h6 Rf8e8
11.Nf3h4 f5
12.Qd1h5 d5
13.Bc4xd5 Qd8f6
14.Bh6g5 Qf6g7
15.c3 h6
16.Bg5xh6 Qg7f6
17.Ra1e1 Bc8e6
18.Bd5xe6 Re8xe6
19.Nh4xf5 Qf6g6
20.Qh5xg6 Re6xg6
21.h4 Ra8d8
22.h5 Rg6e6
23.b4 Re6f6
24.g4 Rd8xd3
25.bxc5 Rd3xc3
26.f4 Kh7
27.fxe5 Rf6e6
28.Rf1f2 Nc6xe5
29.Nf5g7 Ne5f3
30.Rf2xf3 Re6xe1
31.Kf2 Rc3xf3
32.Kxf3 Kxh6
33.Ng7f5 Kh7
34.Kf4 a5
35.g5 a4
36.h6 Re1a1
37.Ke5 Ra1xa2
38.Kf6 a3
39.Kxf7 Ra2g2
40.Nf5d4 a2
41.Nd4b3 Rg2xg5
42.c6 bxc6
43.Ke7 c5
44.Kd7 c4
{ resign }
0-1

[Event "Match"]
[Site "www.echecsemail.com"]
[Date "2015.11.04"]
[Round "1"]
[White "Chapi"]
[Black "Delacey"]
[WhiteElo "2040"]
[BlackElo "1920"]
[Result "0-1"]
[Round "1"]
1.d4 d5
2.c4 dxc4
3.Nb1c3 Ng8f6
4.Bc1g5 e6
5.e4 Bf8e7
6.Bf1xc4 O-O
7.Ng1f3 Nf6e8
8.Bg5xe7 Qd8xe7
9.O-O c6
10.a4 Nb8d7
11.a5 Ne8d6
12.Bc4d3 f5
13.exf5 exf5
14.Rf1e1 Qe7f6
15.Nf3e5 Qf6h4
16.Ne5c4 Nd6xc4
17.Bd3xc4 Kh8
18.Re1e3 Nd7f6
19.Re3h3 Qh4g5
20.Qd1e2 f4
21.Rh3f3 Bc8g4
22.Qe2e5 Qg5xe5
23.dxe5 Bg4xf3
24.exf6 Bf3h5
25.fxg7 Kxg7
26.Ra1e1 Ra8e8
27.Kf1 Re8xe1
28.Kxe1 Rf8d8
29.f3 Rd8d4
30.Bc4e6 Bh5f7
31.Be6c8 b6
32.a6 Rd4b4
33.Bc8b7 c5
34.Nc3d5 Bf7xd5
35.Bb7xd5 Rb4xb2
36.Kf1 b5
37.Kg1 Rb2d2
38.g3 Rd2xd5
{ resign }
0-1

[Event "Match"]
[Site "www.echecsemail.com"]
[Date "2015.11.04"]
[Round "1"]
[White "Castletyme"]
[Black "Pinehill"]
[WhiteElo "1870"]
[BlackElo "1990"]
[Result "0-1"]
[Round "1"]
1.e4 d5
2.exd5 Ng8f6
3.c4 e6
4.dxe6 Bc8xe6
5.Ng1f3 Bf8c5
6.d4 Bc5b4
7.Nb1c3 Qd8e7
8.Bc1e3 Nb8c6
9.d5 O-O-O
10.Qd1a4 Bb4xc3
11.bxc3 Be6xd5
12.cxd5 Nf6xd5
13.Qa4g4 Kb8
14.Bf1e2 Nd5xe3
15.fxe3 Qe7xe3
16.Qg4xg7 Rh8g8
17.Qg7f6 Rd8e8
{ resign }
0-1

[Event "Match"]
[Site "www.echecsemail.com"]
[Date "2015.11.04"]
[Round "1"]
[White "Jhw"]
[Black "Libiesse"]
[WhiteElo "1920"]
[BlackElo "2010"]
[Result "0-1"]
[Round "1"]
1.c4 g6
2.e3 Bf8g7
3.g3 Ng8f6
4.Bf1g2 c6
5.Nb1c3 O-O
6.d4 d5
7.c5 Rf8e8
8.Ng1e2 Nb8d7
9.b4 e5
10.f3 exd4
11.Ne2xd4 Nd7e5
12.O-O Ne5c4
13.e4 dxe4
14.fxe4 Nf6h5
15.Bg2f3 Bg7xd4
16.Kg2 Bd4xc3
17.Qd1xd8 Re8xd8
18.Ra1b1 Nc4d2
19.Bc1xd2 Rd8xd2
20.Rf1f2 Nh5f6
21.Rb1e1 Rd2xf2
{ resign }
0-1

[Event "1/4 Finale"]
[Site "www.chess-mail.com"]
[Date "2015.11.04"]
[Round "1"]
[White "Pgcbies"]
[Black "Dorulristea"]
[WhiteElo "2710"]
[BlackElo "2780"]
[Result "0-1"]
[Round "1"]
1.e4 c5
2.Ng1f3 d6
3.d4 cxd4
4.Nf3xd4 Ng8f6
5.Nb1c3 a6
6.Bc1g5 e6
7.f4 h6
8.Bg5h4 Qd8b6
9.Bh4xf6 gxf6
10.Qd1d2 Qb6xb2
11.Ra1b1 Qb2a3
12.Bf1e2 h5
13.O-O Qa3a5
14.Kh1 Bf8e7
15.f5 Nb8c6
16.fxe6 fxe6
17.Nd4xc6 bxc6
18.Rb1b3 h4
19.h3 Qa5g5
20.Qd2e1 Qg5e5
21.Nc3d1 d5
22.Nd1e3 Qe5xe4
23.Ne3c4 Ra8a7
24.Nc4b6 { time. }
0-1

[Event "1/64 Finale"]
[Site "www.chess-mail.com"]
[Date "2015.11.04"]
[Round "1"]
[White "Jaroslavpech"]
[Black "Eusegon"]
[WhiteElo "2320"]
[BlackElo "2120"]
[Result "1-0"]
[Round "1"]
1.d4 Ng8f6
2.c4 e6
3.Nb1c3 Bf8b4
4.e3 O-O
5.Bf1d3 d5
6.Ng1f3 c5
7.O-O Nb8c6
8.a3 Bb4xc3
9.bxc3 b6
10.cxd5 exd5
11.Nf3e5 Nc6xe5
12.dxe5 Nf6e4
13.c4  { time }
1-0

[Event "1/16 Finale"]
[Site "www.chess-mail.com"]
[Date "2015.11.04"]
[Round "1"]
[White "Eusegon"]
[Black "Seger"]
[WhiteElo "2140"]
[BlackElo "2750"]
[Result "0-1"]
[Round "1"]
1.d4 d5
2.c4 e6
3.Nb1c3 Bf8e7
4.Ng1f3 Ng8f6
5.Bc1g5 h6
6.Bg5xf6 Be7xf6
7.e3 O-O
8.Ra1c1 a6
9.Bf1d3 dxc4
10.Bd3xc4 Nb8d7
11.O-O b5
12.Bc4b3 Bc8b7
13.a3 c5
 { time }
0-1

[Event "Eq:Los Tercios-chibcha : "]
[Site "www.chess-mail.com"]
[Date "2015.11.04"]
[Round "1"]
[White "Azorau"]
[Black "Vitoriccardo"]
[WhiteElo "1870"]
[BlackElo "1820"]
[Result "0-1"]
[Round "1"]
1.e4 d6
2.Ng1f3 Ng8f6
3.Bf1c4 g6
4.Nf3g5 e6
5.d4 d5
6.exd5 exd5
7.Bc4b5 Bc8d7
8.Qd1d3 c6
9.Qd3e2 Qd8e7
10.Qe2xe7 Bf8xe7
11.Bb5e2 O-O
12.Ng5f3 Bd7f5
13.Be2d3 Bf5xd3
14.cxd3 Be7b4
15.Bc1d2 Rf8e8
16.Kf1 Nb8a6
17.Bd2xb4 Na6xb4
18.a4 Nb4xd3
19.b3 Nf6e4
20.Ra1a2 Ne4g5
21.Ra2e2 Re8xe2
22.Kxe2 Nd3f4
23.Kf1 Ng5xf3
24.gxf3 Ra8e8
25.Rh1g1 Nf4d3
26.Kg2 Re8e2
27.Rg1f1 Re2b2
28.Nb1c3 Rb2xb3
29.Nc3e2 Rb3b2
30.Ne2g3 Nd3f4
31.Kh1 Nf4e2
32.Rf1e1 Ne2xd4
33.Kg2 Kf8
34.Ng3f1 Rb2a2
35.Nf1e3 Ra2xa4
36.Ne3g4 Nd4e6
37.Ng4f6 Kg7
38.Nf6e8 Kf8
39.Ne8d6 d4
40.Nd6xb7 c5
41.Kg3 Ra4b4
42.Nb7a5 d3
43.Na5c6 d2
44.Re1d1 Rb4b2
45.Nc6e5 Rb2c2
46.Ne5d7 Ke7
47.Nd7b8 c4
48.Nb8a6 c3
49.Na6b4 Rc2c1
50.Nb4c6 Kf6
{ resign }
0-1

[Event "Tourn. n8432"]
[Site "www.chess-mail.com"]
[Date "2015.11.05"]
[Round "1"]
[White "Osmundw"]
[Black "Goosebumps"]
[WhiteElo "1639"]
[BlackElo "1699"]
[Result "0-1"]
[Round "1"]
1.e4 e5
2.Ng1f3 Nb8c6
3.Bf1c4 Nc6d4
4.c3 Nd4xf3
5.Qd1xf3 Qd8f6
6.Qf3g3 Bf8c5
7.d4 exd4
8.e5 Qf6g6
9.cxd4 Qg6xg3
10.fxg3 Bc5xd4
11.Nb1d2 Bd4xe5
12.Nd2f3 d6
13.Bc1f4 Be5xb2
14.Ra1b1 Bb2c3
15.Kf2 Ng8f6
16.h3 O-O
17.Rb1b3 Bc3a5
18.Rb3b5 Ba5b6
19.Bf4e3 Bb6xe3
20.Kxe3 b6
21.Bc4d5 Nf6xd5
22.Rb5xd5 Rf8e8
23.Kf4 Bc8b7
24.Rd5f5 Re8e4
25.Kg5 h6
{ resign }
0-1

[Event "Tourn. n8432"]
[Site "www.chess-mail.com"]
[Date "2015.11.05"]
[Round "1"]
[White "Cardiff"]
[Black "Osmundw"]
[WhiteElo "1780"]
[BlackElo "1639"]
[Result "1-0"]
[Round "1"]
1.e4 c6
2.Nb1c3 e6
3.d4 c5
4.Ng1f3 Ng8f6
5.d5 exd5
6.exd5 b6
7.Bf1e2 Bc8b7
8.O-O Bf8d6
9.Nc3b5 Qd8c7
10.Nb5xc7 Bd6xc7
11.d6 Bc7d8
12.Be2c4 b5
13.Rf1e1 Bb7e4
14.Bc4d5 a6
15.Bd5xa8 g6
16.Ba8xe4 Nb8c6
17.Be4xc6 Kf8
18.Bc1h6 Kg8
19.Bc6xd7 Nf6xd7
20.Re1e8 { resign }
1-0

[Event "Tourn. n8298"]
[Site "www.chess-mail.com"]
[Date "2015.11.05"]
[Round "1"]
[White "Ssharp"]
[Black "Liencam2"]
[WhiteElo "2130"]
[BlackElo "2280"]
[Result "0-1"]
[Round "1"]
1.e4 c5
2.Ng1f3 e6
3.Nb1c3 a6
4.Bf1e2 Nb8c6
5.b3 Qd8c7
6.Bc1b2 Ng8f6
7.d3 Bf8e7
8.Qd1d2 b5
9.O-O Bc8b7
10.h3 O-O
11.Nc3d1 d5
12.exd5 exd5
13.Nd1e3 Ra8d8
14.Ne3f5 d4
15.c3 Qc7d7
16.Qd2g5 Nf6e8
17.Nf5xe7 Nc6xe7
18.Qg5xc5 dxc3
19.Qc5xc3 Ne8f6
20.Nf3e5 Qd7f5
21.Qc3c7 Bb7xg2
22.Be2g4 Nf6xg4
23.hxg4 Qf5g5
24.Kxg2 Ne7d5
25.Qc7c1 Nd5f4
26.Kf3 f5
27.Rf1g1 fxg4
28.Rg1xg4 Nf4xd3
29.Kg3 Qg5xg4
30.Kxg4 Nd3xc1
31.Ra1xc1 Rf8xf2
32.Bb2a3 Rf2xa2
33.Ba3b4 a5
34.Ne5c6 Rd8a8
35.Nc6xa5 Ra2xa5
36.Bb4xa5 Ra8xa5
37.Rc1c5 Kf7
38.b4 Ra5a1
39.Rc5xb5 Ra1g1
40.Kf4 Ke6
41.Rb5b8 g5
42.Kf3 h5
43.Kf2 Rg1d1
44.Rb8e8 Kf5
45.b5 Rd1b1
46.Re8b8 Kf4
47.Rb8f8 Kg4
48.Rf8b8 Rb1b2
49.Kf1 Kg3
50.b6 h4
51.b7 g4
{ resign }
0-1

[Event "Tourn. n8469"]
[Site "www.chess-mail.com"]
[Date "2015.11.05"]
[Round "1"]
[White "Mitja"]
[Black "Masteratches"]
[WhiteElo "2000"]
[BlackElo "2069"]
[Result "0-1"]
[Round "1"]
1.d4 d5
2.e3 Ng8f6
3.h3 Bc8f5
4.Ng1e2 e6
5.c3 Nb8d7
6.Ne2g3 Bf5g6
7.Bf1d3 c5
8.dxc5 Bf8xc5
9.Bd3c2 Bc5d6
10.Bc2a4 Bd6xg3
11.fxg3 Qd8b8
12.Qd1f3 b5
13.Ba4b3 Nd7e5
14.Qf3e2 Ne5d3
15.Kd1 Nf6e4
16.Rh1g1 Ne4xg3
17.Qe2c2 Qb8e5
18.Qc2d2 Qe5h5
{ resign }
0-1

[Event "Tourn. n8471"]
[Site "www.chess-mail.com"]
[Date "2015.11.05"]
[Round "1"]
[White "Gmscalpel"]
[Black "Woadman62"]
[WhiteElo "2400"]
[BlackElo "2640"]
[Result "0-1"]
[Round "1"]
1.e4 e5
2.Ng1f3 Ng8f6
3.Nf3xe5 d6
4.Ne5f3 Nf6xe4
5.d4 d5
6.Bf1d3 Nb8c6
7.c4 Bf8b4
8.Nb1c3 Ne4xc3
9.bxc3 Bb4xc3
10.Bc1d2 Bc3xa1
11.Qd1xa1 O-O
12.c5 Rf8e8
13.Bd3e2 Bc8g4
14.h3 Bg4xf3
15.gxf3 Qd8f6
16.Rh1g1 Nc6xd4
17.Bd2c3 Qf6xf3
18.Bc3xd4 Qf3xe2

0-1

[Event "Tourn. n8443"]
[Site "www.chess-mail.com"]
[Date "2015.11.05"]
[Round "1"]
[White "Dulap"]
[Black "Neo"]
[WhiteElo "1639"]
[BlackElo "1810"]
[Result "1-0"]
[Round "1"]
1.e4 e5
2.Ng1f3 d6
3.d4 exd4
4.Nf3xd4 g6
5.Nb1c3 Bf8g7
6.Bc1e3 c5
7.Nd4b5 Bg7e5
8.f4 Be5g7
9.Nb5xd6 Kf8
10.e5 Bc8e6
11.Nd6xb7 Qd8xd1
12.Ra1xd1 Bg7h6
13.Nb7xc5 Ng8e7
14.Nc5xe6 fxe6
15.Bf1c4 Nb8c6
16.Bc4xe6 Kg7
17.Nc3d5 Ne7f5
18.Be6xf5 gxf5
19.O-O Ra8d8
20.Nd5c3 Rd8xd1
21.Rf1xd1 Rh8e8
22.Rd1d7 Kg8
23.Rd7d6 Bh6f8
24.Rd6xc6 Re8d8
25.Rc6c7 a5
26.h3 h5
27.Rc7c6 Kg7
28.Rc6c7 Kh6
29.Rc7a7 Bf8b4
30.a3 { resign }
1-0

[Event "Tourn. n8444"]
[Site "www.chess-mail.com"]
[Date "2015.11.05"]
[Round "1"]
[White "Seger"]
[Black "Jose"]
[WhiteElo "2750"]
[BlackElo "2690"]
[Result "1/2-1/2"]
[Round "1"]
1.e4 c6
2.Nb1c3 d5
3.d4 dxe4
4.Nc3xe4 Nb8d7
5.c3 Ng8f6
6.Ne4xf6 Nd7xf6
7.Ng1f3 Bc8g4
8.h3 Bg4xf3
9.Qd1xf3 e6
10.g3 Qd8d5
11.Bf1g2 Bf8e7
12.O-O Qd5xf3
13.Bg2xf3 O-O
14.Rf1d1 Rf8d8
15.Kg2 g6
16.Bc1h6 Be7f8
17.Bh6g5 Bf8e7
18.Ra1c1 Nf6d5
19.Bg5h6 Be7f8
{ draw }
1/2-1/2

[Event "Tourn. n8421"]
[Site "www.chess-mail.com"]
[Date "2015.11.05"]
[Round "1"]
[White "Cardiff"]
[Black "Neo"]
[WhiteElo "1780"]
[BlackElo "1810"]
[Result "0-1"]
[Round "1"]
1.d4 d5
2.Bc1f4 e6
3.e3 g6
4.Ng1f3 Bf8g7
5.c4 c6
6.Bf1e2 Ng8f6
7.O-O Nf6e4
8.cxd5 cxd5
9.Nb1d2 Ne4xd2
10.Qd1xd2 O-O
11.Ra1c1 Nb8c6
12.b4 a6
13.a4 Bc8d7
14.b5 axb5
15.axb5 Nc6a5
16.Nf3e5 Na5b3
17.Qd2b2 Nb3xc1
18.Rf1xc1 Ra8a5
19.Ne5xd7 Qd8xd7
20.Rc1c7 Qd7d8
21.h3 b6
22.Qb2c2 Qd8a8
23.g3 Ra5a2
24.Qc2d3 Qa8a5
25.Kg2 Ra2a1
26.Qd3c2 Qa5e1
27.Rc7c8 Qe1h1
{ resign }
0-1

[Event "Tourn. n8442"]
[Site "www.chess-mail.com"]
[Date "2015.11.05"]
[Round "1"]
[White "Libiesse"]
[Black "Terrible"]
[WhiteElo "2030"]
[BlackElo "2260"]
[Result "1/2-1/2"]
[Round "1"]
1.d4 d5
2.c4 e6
3.Ng1f3 Bf8e7
4.cxd5 exd5
5.Nb1c3 Ng8f6
6.Qd1b3 O-O
7.Bc1g5 c6
8.e3 Nb8d7
9.Bf1d3 Nf6e4
10.Bg5xe7 Qd8xe7
11.Qb3c2 Rf8e8
12.O-O g6
13.a3 Ne4g5
14.Nf3d2 Nd7f6
15.b4 Ng5e4
16.Nc3xe4 Nf6xe4
17.Nd2xe4 dxe4
18.Bd3c4 Bc8e6
{ draw }
1/2-1/2

[Event "Tourn. n8410"]
[Site "www.chess-mail.com"]
[Date "2015.11.05"]
[Round "1"]
[White "Xkafi"]
[Black "Norlavuaram"]
[WhiteElo "2030"]
[BlackElo "2150"]
[Result "0-1"]
[Round "1"]
1.e4 e5
2.Bf1c4 Ng8f6
3.d3 Bf8c5
4.Bc1g5 Nb8c6
5.c3 O-O
6.Ng1f3 d6
7.h3 Bc8e6
8.Nb1d2 h6
9.Bg5h4 a6
10.Nd2b3 Bc5a7
11.O-O Nc6b8
12.Nb3d2 b5
13.Bc4b3 c5
14.Bb3d5 Be6xd5
15.exd5 Nb8d7
16.Nd2e4 Qd8e7
17.Qd1b3 g5
18.Nf3xg5 hxg5
19.Bh4xg5 Kg7
20.f4 c4
21.Kh2 Ba7e3
22.dxc4 bxc4
23.Qb3xc4 Be3xf4
24.Rf1xf4 exf4
25.Ra1f1 Qe7xe4
{ resign }
0-1

[Event "Tourn. n8403"]
[Site "www.chess-mail.com"]
[Date "2015.11.05"]
[Round "1"]
[White "Wegaman"]
[Black "Amaya"]
[WhiteElo "1950"]
[BlackElo "2020"]
[Result "1/2-1/2"]
[Round "1"]
1.d4 Ng8f6
2.c4 g6
3.Nb1c3 Bf8g7
4.e4 d6
5.Ng1f3 O-O
6.Bf1e2 Nb8d7
7.O-O e5
8.d5 Nd7c5
9.Qd1c2 a6
10.Bc1g5 h6
11.Bg5h4 g5
12.Bh4g3 Nf6h5
13.h3 Nh5xg3
14.fxg3 f5
15.exf5 Bc8xf5
16.Qc2d2 Qd8c8
17.Nf3xg5 hxg5
18.Qd2xg5 Nc5e4
19.Nc3xe4 Bf5xe4
20.Kh1 Qc8d7
21.Qg5e3 Be4g6
22.Kh2 Rf8xf1
23.Ra1xf1 Ra8f8
24.Rf1xf8 Kxf8
25.Qe3g5 Bg6f7
26.Qg5e3 Qd7f5
27.Be2d3 Qf5h5
28.Qe3a7 Qh5d1
29.Bd3e4 Qd1d4
30.Qa7b8 Ke7
31.Qb8xc7 Kf8
32.Qc7xd6 Kg8
33.Qd6d8 Bg7f8
34.Qd8g5 { draw }
1/2-1/2

[Event "Tourn. n8474"]
[Site "www.chess-mail.com"]
[Date "2015.11.05"]
[Round "1"]
[White "Cathar"]
[Black "Gmscalpel"]
[WhiteElo "2300"]
[BlackElo "2400"]
[Result "1-0"]
[Round "1"]
1.e4 e6
2.d4 d5
3.Nb1d2 c5
4.Ng1f3 Ng8f6
5.e5 Nf6d7
6.c3 c4
7.b3 b5
8.a4 bxa4
9.bxc4 { resign }
1-0

[Event "Tourn. n8403"]
[Site "www.chess-mail.com"]
[Date "2015.11.05"]
[Round "1"]
[White "Wegaman"]
[Black "Mitja"]
[WhiteElo "1950"]
[BlackElo "1960"]
[Result "1-0"]
[Round "1"]
1.d4 d5
2.c4 dxc4
3.Nb1c3 c6
4.e4 h6
5.Bf1xc4 e6
6.Ng1f3 Nb8d7
7.O-O Nd7b6
8.Bc4b3 Ng8f6
9.Rf1e1 Bf8e7
10.Bb3c2 Qd8c7
11.Bc1d2 Nb6c4
12.Ra1b1 Nc4xd2
13.Qd1xd2 b5
14.a3 a6
15.h3 Bc8b7
16.Bc2d1 O-O
17.Rb1c1 Ra8c8
18.e5 Nf6d5
19.Nf3h2 Nd5xc3
20.Rc1xc3 b4
21.Rc3g3 Be7g5
22.Qd2d3 Qc7d8
23.axb4 Rc8c7
24.Nh2f3 Bg5f4
25.Rg3g4 Bf4g5
26.Nf3xg5 hxg5
27.Bd1c2 g6
28.Qd3e3 Bb7c8
29.Rg4xg5 Qd8e7
30.h4 Qe7xb4
31.h5 Qb4xb2
32.Bc2d3 Qb2b4
33.hxg6 fxg6
34.Rg5xg6 Rc7g7
35.Rg6xg7 Kxg7
36.Qe3g5 Kf7
37.Re1c1 Qb4b7
38.Qg5f6 Ke8
39.Bd3g6 { resign }
1-0

[Event "Tourn. n8448"]
[Site "www.chess-mail.com"]
[Date "2015.11.05"]
[Round "1"]
[White "Takfarov"]
[Black "Dulap"]
[WhiteElo "1619"]
[BlackElo "1639"]
[Result "1-0"]
[Round "1"]
1.e4 e5
2.Ng1f3 Nb8c6
3.Bf1c4 Bf8c5
4.c3 Ng8f6
5.d4 exd4
6.cxd4 Bc5b4
7.Bc1d2 Bb4xd2
8.Nb1xd2 d6
9.h3 O-O
10.O-O Rf8e8
11.Rf1e1 h6
12.a3 a6
13.b4 b5
14.Bc4b3 Bc8b7
15.Qd1c2 Ra8c8
16.Ra1d1 Qd8d7
17.e5 dxe5
18.dxe5 Nf6h7
19.Nd2e4 Qd7e7
20.Ne4c5 { resign }
1-0